Culture Générale - Série 2102 - Statistiques

Statistiques générales
  • Ce quiz a été pris 113 fois
  • Le résultat moyen est 4 sur 10
Statistiques - réponses
Question Réponse % Correct
Quel chantier naval français a construit le plus gros paquebot au monde « L’Harmony of the seas » ? Saint-Nazaire
72%
Comment se prénommait auparavant le boxeur Mohamed Ali ? Cassius Clay
66%
A qui doit-on l’invention de la première pile électrique ? Alessandro Volta
55%
Dans quel pays se dérouleront les Jeux Olympiques d'hiver en 2022 ? Chine
46%
Qui a dit : « La guerre est une chose trop sérieuse pour la confier à des militaires » ? Georges Clémenceau
41%
Qui a été Président de la République française de 1932 à 1940 ? voir photo Albert Lebrun
38%
A quel type de plante peut être assimilé le serpolet ? thym
31%
Dans quel journal travaille Gaston Lagaffe, le héros de bande-dessinée inventée par Franquin? Spirou
29%
Quel est le port d'attache de la frégate l'Hermione ? Rochefort
22%
Comment s’appelle le premier lait secrété par les femmes juste après l’accouchement ? colostrum
17%
Aucun quiz correspondant
Distribution des résultats
% des personnes avec chaque résultat
Percentile par nombre de réponses
Votre historique - résultats
Vous n’avez pas pris ce quiz